000 01457nam a2200325 i 4500
003 DO-SdBNP
005 20230502101928.0
006 a||||gr|||| 00| 0
007 ta
008 230425k19651958ny ||||er|||| 001 f eng d
040 _aDO-SdBNP
_bspa
_cBNPHU
_erda
041 0 7 _heng
082 4 _222
_a822.33
_bS527r
100 1 _96748
_aShakespeare, William,
_d1564-1616
245 1 0 _aRomeo and Juliet ; West side story. /
_cWilliam Shakespeare, Arthur Laurents; introducción, Norris Houghton
246 1 2 _aWest side story
264 3 1 _aNueva York :
_bDell Publishing Co.,
_c1958
300 _a224 páginas ;
_c17 cm
490 _aLaurel-Leaf Library
500 _aShakespeares renowned tragedy and the widely acclaimed musical play together in one volume.
500 _aIncluye datos biográficos en la página 1.
505 _aIntroduction.--
_tRomeo and Juliet.
_tWest side story.--
_tNotes to Romeo and Juliet.
533 _aPrimera impresión septiembre 1965. Quinta impresión, enero 1968. Décima impresión, junio 1969. Decimoquinto, noviembre 1971. Decimosexto, junio 1971. Decimoséptimo, marzo 1972. Decimoctavo, julio 1972. Decimonoveno, julio 1973.
590 _aInventariado 2023 / MF
700 1 _aLaurents, Arthur,
_tWest side story.
_983295
700 2 _aHoughton, Norris,
_eintroducción
_983296
740 2 _aWest side story. / Arthur Laurents.
740 2 _aRomeo and Juliet. / William Shakespere.
942 _2ddc
_cLBS1
999 _c53348
_d53348